WINNING AND WORKING COAL IN INDIA (VOL-2) (Record no. 5667)

MARC details
000 -LEADER
fixed length control field 00408nam a22001457a 4500
005 - DATE AND TIME OF LATEST TRANSACTION
control field 20171206161705.0
008 - FIXED-LENGTH DATA ELEMENTS--GENERAL INFORMATION
fixed length control field 171206b xxu||||| |||| 00| 0 eng d
041 ## - LANGUAGE CODE
Language code of text/sound track or separate title eng
082 ## - DEWEY DECIMAL CLASSIFICATION NUMBER
Classification number 622
100 ## - MAIN ENTRY--AUTHOR NAME
Personal name DESHMUKH,DR, J. AND DESHMUKH, R T.
245 ## - TITLE STATEMENT
Title WINNING AND WORKING COAL IN INDIA (VOL-2)
Statement of responsibility, etc DR, J. DESHMUKH AND R T. DESHMUKH
260 ## - PUBLICATION, DISTRIBUTION, ETC. (IMPRINT)
Place of publication ISMAG CO-OPERATIVE STORE
300 ## - PHYSICAL DESCRIPTION
Number of Pages 672p.
942 ## - ADDED ENTRY ELEMENTS (KOHA)
Koha item type Books
Holdings
Lost status Damaged status Collection code Home library Current library Shelving location Date acquired Source of acquisition Cost, normal purchase price Full call number Accession Number Koha item type
    MINING JRU Library JRU Library SHELF-94-B 06/12/2017 PURCHESS 800.00 622 22288 Books